000 02552nam a22003857a 4500
008 081203t xxu||||| |||| 00| 0 eng d
010 _aENG-91966
020 _a9788189901288
_c1190.00
035 _aEN-75499
035 _aB-359982-987
037 _bDBAD / PUB
037 _bAcademic Excellence Publishers
040 _adpl
_bEnglish
082 _a327.5
245 _aEmerging Asia in focus:
_cedited by P.L. Dash
_bissues and problems /
260 _aDelhi
_bAcademic Excellence
_c2008
270 _a42 Ekta Apartment, Geeta Colony,
_bDelhi
_e110031
300 _avii, 507p.:
_c22cm (Hb)
500 _aIncludues index
650 _aCivil society
_zAsia.
651 _aAsia
_xEconomic conditions
651 _aAsia
_xSocial conditions
651 _aIndia
_xForeign relations
_zAsia
651 _aAsia
_xForeign relations
_zIndia
700 _aDash, P.L.
942 _2ddc
_cRF
_mEME
_h327.5
999 _c19410
_d19410